[Event "AUT-ch U10 Online Rapid"]
[Site "Playchess.com INT"]
[Date "2020.12.13"]
[Round "3"]
[White "Schirnik, Luis"]
[Black "Hegedues, Hugo"]
[Result "0-1"]
[WhiteElo "1275"]
[BlackElo "1333"]
[PlyCount "30"]
[EventDate "2020.12.13"]
[EventType "swiss (rapid)"]
[EventRounds "7"]
[EventCountry "AUT"]
[SourceTitle "EXT 2022"]
[Source "ChessBase"]
[SourceDate "2021.10.06"]
[SourceVersion "1"]
[SourceVersionDate "2021.10.06"]
[SourceQuality "1"]

1. e4 e5 2. Nf3 Nc6 3. Nc3 Nf6 4. Bb5 Bc5 5. Bxc6 bxc6 6. d3 Ng4 7. h3 Nxf2 8. 0-0 Nxd1+ 9. Kh1 Nf2+ 10. Kh2 Qf6 11. Kg1 Nxh3+ 12. Kh1 d6 13. Kh2 Nf4 14. Kg3 Qg6+ 15. Kh2 Qxg2# 0-1

[Event "AUT-chT District U18 Online Rapid"]
[Site "Playchess.com INT"]
[Date "2020.12.12"]
[Round "7"]
[White "Kaljikovic, Armin"]
[Black "Schirnik, Luis"]
[Result "1-0"]
[WhiteElo "1455"]
[BlackElo "1620"]
[PlyCount "41"]
[EventDate "2020.12.12"]
[EventType "team-swiss (rapid)"]
[EventRounds "9"]
[EventCountry "AUT"]
[SourceTitle "EXT 2022"]
[Source "ChessBase"]
[SourceDate "2021.10.06"]
[SourceVersion "1"]
[SourceVersionDate "2021.10.06"]
[SourceQuality "1"]

1. e4 e5 2. Nf3 Nc6 3. Bc4 Nf6 4. Nc3 Bc5 5. Ng5 0-0 6. 0-0 Ne8 7. Qh5 Qxg5 8. Qxg5 h6 9. Qh5 g6 10. Qh3 Bd4 11. Qxh6 Ng7 12. d3 Na5 13. Nb5 Nxc4 14. dxc4 d6 15. c3 Bc5 16. Nxc7 Ne6 17. Nxa8 Bd7 18. Rd1 Rxa8 19. Rd3 Rd8 20. Rh3 Ng7 21. Qh8# 1-0